=LDR 00000nam 2200000 4500 =001 000152 =020 $9786233232944 =082 $153.800 =100 $Melinda =245 $Menyelami diri sendiri tanpa rasa takut =250 $Cetakan I =264 $Yogyakarta: Mitra Buana Media 2023 =300 $vi, 92 halaman; 14 x 20 cm =650 $Psikologi =905 $153.8 MEL m =336 $$a =337 $$a =338 $$a =005 20260702151432.0 =008 260702s2026\\\\\\\\\\\\\\\\\\\\\\\\\\\\\\\\\\\\\\\\\